000 00601nam a22001697a 4500
020 _qHard Cover.
082 _a330
100 _aZamand, Mina
245 _aImpact of Climatic Shocks on Child Human Capital :
_bEvidence from Ethiopia, India, Peru, and Vietnam, Using YOung Lives Data /
_cMina Zamand.
260 _aIslamabad :
_bS3H - NUST,
_c2015.
300 _c30cm.
650 _aEconomics MS-Thesis.
_917366
700 _aAsma Hyder Baloch.
_928356
856 _uhttp://10.250.8.41:8080/xmlui/handle/123456789/3393
942 _2ddc
_cTHE
999 _c534207
_d534207